000
00313nam a2200121Ia 4500
005
20251222143234.0
008
251222s9999||||xx |||||||||||||| ||spa||
082
_a
362.291.7/C76
245
0
_a
Información Básica para la Reducción de la Demanda de Drogas
250
_a
2a.ed.
264
_b
DEVIDA
942
_c
LIB
999
_c
14313
_d
14313